Z generáció és az újmédia kapcsolata

Bibliográfiai részletek
Szerző: Skolnikovics Krisztina
További közreműködők: Zelena Dr. András
Dokumentumtípus: Diplomadolgozat
Kulcsszavak:Újmédia
Z generáció
Közösségi média
Web 2.0
Web 3.0
Internet
Online Access:http://dolgozattar.uni-bge.hu/15889

MARC

LEADER 00000nta a2200000 i 4500
001 dolg15889
005 20200325105347.0
008 180509suuuu hu om 000 hun d
040 |a BGE Dolgozattár Repozitórium  |b hun 
041 |a hu 
100 1 |a Skolnikovics Krisztina 
245 1 0 |a Z generáció és az újmédia kapcsolata  |c Skolnikovics Krisztina  |h [elektronikus dokumentum] 
695 |a Újmédia 
695 |a Z generáció 
695 |a Közösségi média 
695 |a Web 2.0 
695 |a Web 3.0 
695 |a Internet 
700 1 |a Zelena Dr. András  |e ths 
856 4 0 |u http://dolgozattar.uni-bge.hu/15889/1/Szakdolgozat%20Z%20gener%C3%A1ci%C3%B3%20%C3%A9s%20az%20%C3%BAjm%C3%A9dia%20kapcsolata.pdf  |z Dokumentum-elérés